عرض عادي
عرض مارك
- Overby, Jason,
مدخل إسم شخص
001 - رقم الضبط
- حقل الضبط: 38021
003 - معرف رقم الضبط
- حقل الضبط: OSt
005 - تاريخ ووقت أخر عملية
- حقل الضبط: 20131017133718.0
008 - عناصر بيانات ثابتة الطول
- حقل تحكم ثابت الطول: 131017|||a|||||| | ||| d
040 ## - مصدر الفهرسة
- هيئة الفهرسة الأصلية: OSt
- وكالة الكتابة: OSt
100 ## - مدخل -- أسم شخص
- إسم شخص: Overby, Jason,
- تواريخ مرتبطة بالاسم: 1970-
- مصطلح الرابط: author.
670 ## - بيانات المصدر موجوده
- الاستشهاد بالمصدر: Work cat.: (OSt)0: Burdge, Julia, author. 38020, Chemistry :, 2012c.
